00572 2200205 4500001002100000005001500021035002000036007000300056008004100059020002200100082001400122084002000136100002000156245006400176260004400240300003700284650002100321990001200342990001200354INLIS00000000000159020180219092815 a0010-0218000185ta180219 g 0 ind  a978-602-02-6413-4 a001.642 5 a001.642 5 BER d0 aBERANDA, Agency1 aDesain Khusus Kaus HItam dengan CorelDRAW /cBeranda Agency aJakarta :bElex Media Komputindo,c2015 avii, 171 hlm. :bilus. ;c21 cm. aPROGRAM KOMPUTER a16388 a a16388 b